| 000 | 00000nas 2200000za 4500 |
| 001 | 9.506258 |
| 003 | CaOODSP |
| 005 | 20200603082611 |
| 007 | cr ||||||||||| |
| 008 | 150406d19982001xxc|| m o||||f| |0eng|d |
| 040 | |aCaOODSP|beng |
| 043 | |an-cn--- |
| 086 | 1 |aC21-30E-PDF |
| 110 | 1 |aCanada. |bIndustry Canada. |
| 245 | 10|aMedical Imaging Technology Roadmap, report of working group |h[electronic resource]. |
| 260 | |aOttawa : |bIndustry Canada, |c2000-2001. |
| 310 | |aIrregular |
| 362 | 1 |a1 - 5 |
| 500 | |a"Technology Roadmaps identify the critical technologies required by an industry to meet market needs five to ten years in the future. They are a mechanism enabling Canadian industry, academic institutions, research organizations and governments to identify and prioritize required critical technologies which in turn guides their strategic research, development, marketing and investment decisions." |
| 520 | 3 |aTechnology Roadmaps identify the critical technologies required by an industry to meet market needs five to ten years in the future. They are a mechanism enabling Canadian industry, academic institutions, research organizations and governments to identify and prioritize required critical technologies which in turn guides their strategic research, development, marketing and investment decisions |
| 775 | 08|tCarte routière technologique de l'imagerie médicale, rapport du groupe de travail |w(CaOODSP)9.502655 |
| 776 | 0#|tMedical Imaging Technology Roadmap, report of working group |w(CaOODSP)9.514441 |